[Event "NK Senioren enVeteranen 2025"]
[Site "Dieren, Netherlands"]
[Date "2025.07.14"]
[Round "3"]
[White "De Vries, Leon"]
[Black "Perrenet, Jacob"]
[Result "1-0"]
[BlackElo "1940"]
[EventDate "2025.??.??"]
[PlyCount "101"]
[WhiteElo "2019"]

1.Nf3 Nc6 2.d4 d5 3.e3 Bg4 4.Bb5 e6 5.h3 Bh5 6.c4 Bb4+ 7.Bd2 Bxd2+ 8.Nbxd2 Ne7
9.g4 Bg6 10.Ne5 O-O 11.Bxc6 Nxc6 12.Nxc6 bxc6 13.Rc1 f5 14.cxd5 fxg4 15.Qxg4
Bf5 16.Qg3 Qxd5 17.Rg1 Rf7 18.b3 Qa5 19.a4 Raf8 20.f4 Bg6 21.Rc5 Qb4 22.h4 Rxf4
23.exf4 Qxd4 24.Rc4 Qf6 25.Qg5 Qa1+ 26.Ke2 Qa2 27.h5 Rf5 28.Qd8+ Rf8 29.Qd4
Bxh5+ 30.Ke3 e5 31.Rxg7+ Kxg7 32.Qxe5+ Kg8 33.Qxh5 Rf7 34.Re4 Qa3 35.Re8+ Rf8
36.Qg5+ Kf7 37.Re5 Qb4 38.Rf5+ Ke6 39.Rxf8 Qxf8 40.Ne4 Qb4 41.Qg8+ Kd7 42.Qxh7+
Kc8 43.Qg8+ Kb7 44.Qc4 Qe1+ 45.Kd4 Qg1+ 46.Kc3 Qa1+ 47.Kb4 Qe1+ 48.Nc3 Qe7+
49.Ka5 Qh7 50.Ne4 Qg6 51.Nc5+  1-0

[Event "NK Senioren enVeteranen 2025"]
[Site "Dieren, Netherlands"]
[Date "2025.07.15"]
[Round "4"]
[White "Geboers, Jimmy"]
[Black "Bottema, Tom"]
[Result "0-1"]
[BlackElo "2166"]
[BlackFed "NED"]
[BlackFideId "6377195"]
[WhiteElo "2045"]
[WhiteFed "BEL"]
[WhiteFideId "8111004"]

 1.d4 g6 2.c4 Bg7 3.Nc3 d6 4.e4 e5 5.d5 a5 6.Bd3 Na6 7.Be3 Bd7 8.Nf3 f5 9.exf5
gxf5 10.Ng5 Nf6 11.f4 O-O 12.O-O Ng4 13.Bd2 e4 14.Bc2 Bd4+ 15.Kh1 Nf2+ 16.Rxf2
Bxf2 17.Qh5 Qe7 18.Ncxe4 fxe4 19.Bxe4 Bf5 20.Bxf5 Rxf5 21.Qg4 Rxg5 22.fxg5 Nc5
23.Bc3 Qe4 24.Qh5 Qh4 25.Qh6 Qxh6 26.gxh6 Ne4 27.Bg7 c5 28.dxc6 bxc6 29.g3 d5
30.cxd5 cxd5 31.Kg2 Bc5 32.Rd1 Rd8 33.Kf3 Bf8 34.Bxf8 Kxf8 35.Kf4 Kf7 36.Ke5
Re8+ 37.Kf5 Nd6+ 38.Kf4 Re4+ 39.Kf3 Ke6 40.Rc1 d4 41.Rc6 Re3+ 42.Kf2 Kd5 43.Rc7
Ne4+ 44.Kg2 Re2+ 45.Kf1 Rxh2 46.Rxh7 Nxg3+ 47.Kg1 Rh5 48.Kg2 Nf5 49.Ra7 Rxh6
50.Rxa5+ Ke4 51.Ra8 Ne3+ 52.Kf2 Rh2+ 53.Ke1 Rxb2 54.a4 Kd3  0-1

[Event "NK Senioren enVeteranen 2025"]
[Site "Dieren, Netherlands"]
[Date "2025.07.15"]
[Round "4"]
[White "Etmans, Maarten"]
[Black "Voogt, Bob"]
[Result "1-0"]
[WhiteElo "1945"]
[BlackElo "2029"]
[PlyCount "57"]
[EventDate "2025.??.??"]

1. e4 c6 2. d4 d5 3. e5 Bf5 4. Nf3 e6 5. a3 c5 6. c4 Nc6 7. Nc3 dxc4 8. d5 exd5
9. Qxd5 Be6 10. Qe4 Nge7 11. Bxc4 Bxc4 12. Qxc4 Ng6 13. O-O Qc8 14. Re1 Nd8 15.
Nb5 Ne6 16. Ng5 a6 17. Nxe6 fxe6 18. Nd6+ Bxd6 19. exd6 Kf7 20. Be3 b6 21. f4
Rd8 22. f5 Nf8 23. Bf4 Re8 24. Re3 Qd7 25. Rae1 b5 26. Qxc5 Qa7 27. b4 Qd7 28.
fxe6+ Rxe6 29. Rxe6 1-0

[Event "NK Senioren enVeteranen 2025"]
[Site "Dieren, Netherlands"]
[Date "2025.07.15"]
[Round "4"]
[White "Boersma, Jan"]
[Black "Knuiman, Jan"]
[Result "1/2-1/2"]
[WhiteElo "2105"]
[BlackElo "1987"]
[PlyCount "55"]
[EventDate "2025.??.??"]

1. e4 d5 2. exd5 Qxd5 3. Nc3 Qd6 4. d4 Nf6 5. Nf3 c6 6. g3 Bg4 7. Bg2 e6 8. O-O
Qc7 9. h3 Bf5 10. Nh4 Bg6 11. Nxg6 hxg6 12. Re1 Nbd7 13. d5 Nxd5 14. Nxd5 cxd5
15. Qxd5 O-O-O 16. Qf3 Bc5 17. c3 Rh5 18. Be3 Ne5 19. Qe2 Bxe3 20. Qxe3 Nc6 21.
Rad1 Re5 22. Qc1 Rxe1+ 23. Rxe1 Qd6 24. Bxc6 bxc6 25. Qe3 Qd2 26. Qe4 Kc7 27.
Qe5+ Kc8 28. Qe4 1/2-1/2

[Event "NK Senioren enVeteranen 2025"]
[Site "Dieren, Netherlands"]
[Date "2025.07.15"]
[Round "4"]
[White "Bus, Tom"]
[Black "Hageman, Ger"]
[Result "0-1"]
[WhiteElo "2089"]
[BlackElo "2002"]
[PlyCount "74"]
[EventDate "2025.??.??"]

1. Nf3 d5 2. g3 c5 3. Bg2 Nc6 4. d4 Nf6 5. O-O Bg4 6. Ne5 Bh5 7. Nxc6 bxc6 8.
c4 cxd4 9. Qa4 Qd7 10. cxd5 cxd5 11. Qxd4 e6 12. Nc3 Rc8 13. Bg5 Be7 14. Qh4
Rc4 15. e4 Bg6 16. Rad1 Qb7 17. Rfe1 Qxb2 18. Nxd5 exd5 19. Rb1 Qc3 20. Rb8+
Rc8 21. Rxc8+ Qxc8 22. e5 Ng8 23. Bh3 Bf5 24. e6 Bxe6 25. Bxe6 fxe6 26. Qg4 Kf7
27. Rc1 Qb7 28. Qh5+ g6 29. Qf3+ Kg7 30. Qf4 Bxg5 31. Rc7+ Ne7 32. Rxb7 Bxf4
33. Rxe7+ Kf6 34. Rxa7 Bd6 35. Kg2 h5 36. h3 Rb8 37. f4 Rb2+ 0-1

[Event "NK Senioren enVeteranen 2025"]
[Site "Dieren, Netherlands"]
[Date "2025.07.15"]
[Round "4"]
[White "Burer, Audry"]
[Black "Schakel, Tim"]
[Result "0-1"]
[WhiteElo "1926"]
[BlackElo "2033"]
[PlyCount "98"]
[EventDate "2025.??.??"]

1. e4 c5 2. Nf3 Nc6 3. d3 g6 4. g3 Bg7 5. Bg2 d6 6. O-O Rb8 7. c3 Nf6 8. Re1
O-O 9. d4 cxd4 10. cxd4 d5 11. e5 Ne8 12. Bf4 Nc7 13. Qd2 Bg4 14. h3 Bxf3 15.
Bxf3 e6 16. Nc3 b5 17. Rac1 Qd7 18. Rc2 Rfc8 19. b3 a6 20. Ne2 b4 21. Nc1 Nb5
22. Be3 Bf8 23. Be2 Ncxd4 24. Bxd4 Nxd4 25. Rxc8 Nxe2+ 26. Qxe2 Qxc8 27. Nd3
Qb7 28. Rc1 Rc8 29. Qd2 a5 30. Rxc8 Qxc8 31. Kf1 Qc6 32. Qc1 Qxc1+ 33. Nxc1 Bc5
34. Ke2 Bd4 35. Nd3 g5 36. f4 h6 37. Ne1 Bc3 38. Nf3 Kg7 39. fxg5 hxg5 40. g4
f6 41. exf6+ Kxf6 42. Kd3 e5 43. Ng1 e4+ 44. Ke3 Ke5 45. Ne2 d4+ 46. Kf2 e3+
47. Kf3 d3 48. Nc1 Kd4 49. h4 e2 0-1

[Event "NK Senioren enVeteranen 2025"]
[Site "Dieren, Netherlands"]
[Date "2025.07.15"]
[Round "4"]
[White "Perrenet, Jacob"]
[Black "Jonkman, Fokke"]
[Result "0-1"]
[WhiteElo "1940"]
[BlackElo "2007"]
[PlyCount "104"]
[EventDate "2025.??.??"]

1. b4 e5 2. a3 d5 3. Bb2 Nd7 4. e3 Ngf6 5. Nf3 Bd6 6. c4 c6 7. Qb3 Qe7 8. cxd5
Nxd5 9. Nc3 N5f6 10. Bc4 Nb6 11. Be2 Be6 12. Qc2 h6 13. h4 Nfd7 14. d4 f5 15.
h5 e4 16. Nh4 Qf7 17. g4 O-O 18. gxf5 Bxf5 19. Kd2 Nc4+ 20. Bxc4 Qxc4 21. Nxf5
Rxf5 22. Nxe4 Qxc2+ 23. Kxc2 Bf8 24. f4 Re8 25. Kd3 Rf7 26. Ng3 Nb6 27. Rae1
Nd5 28. Bc1 Bd6 29. Rhf1 Bc7 30. Re2 Rd8 31. e4 Nxf4+ 32. Bxf4 Rxf4 33. Rxf4
Bxf4 34. Nf5 Bg5 35. Kc4 Kf7 36. Rf2 Kg8 37. a4 Rd7 38. e5 Kh7 39. Nd6 g6 40.
Kc5 gxh5 41. b5 Rc7 42. b6 axb6+ 43. Kxb6 Bd8 44. Rf8 Rd7+ 45. Rxd8 Rxd8 46.
Kxb7 Kg6 47. a5 h4 48. a6 h3 49. e6 Rxd6 50. a7 Rd8 51. e7 Re8 52. Kxc6 h2 0-1

[Event "NK Senioren enVeteranen 2025"]
[Site "Dieren, Netherlands"]
[Date "2025.07.15"]
[Round "4"]
[White "Van Helvoort, Rob"]
[Black "Ellenbroek, Ton"]
[Result "0-1"]
[BlackElo "2002"]
[BlackFed "NED"]
[BlackFideId "7339552"]
[WhiteElo "2079"]
[WhiteFed "NED"]
[WhiteFideId "6139320"]

1.e4 e5 2.Nf3 Nf6 3.Nxe5 d6 4.Nf3 Nxe4 5.d3 Nf6 6.d4 d5 7.Bd3 Bg4 8.h3 Bh5 9.g4
Bg6 10.Qe2+ Be7 11.Bxg6 hxg6 12.Ne5 Nc6 13.c3 Nxe5 14.dxe5 Ne4 15.Nd2 Nc5
16.Nb3 Qd7 17.Nxc5 Bxc5 18.Bf4 O-O-O 19.b4 Bb6 20.a4 a5 21.Be3 d4 22.Bxd4 Bxd4
23.O-O-O Qxa4 24.cxd4 Rxd4 25.Rxd4 Qa1+ 26.Kc2 Qxd4 27.bxa5 Qa4+ 28.Kb2 Rd8
29.Ra1 Qd4+ 30.Ka2 Rd5 31.Rc1 Rxa5+ 32.Kb3 Qb6+ 33.Kc3 Rc5+ 34.Kd2 Qb2+ 35.Kd1
Rxc1#  0-1

[Event "NK Senioren enVeteranen 2025"]
[Site "Dieren, Netherlands"]
[Date "2025.07.15"]
[Round "4"]
[White "Schriemer, Oene"]
[Black "Van Diermen, Arie"]
[Result "0-1"]
[BlackElo "1915"]
[BlackFed "NED"]
[BlackFideId "6060208"]
[WhiteElo "2056"]
[WhiteFed "NED"]
[WhiteFideId "6787715"]

1.e4 d6 2.d4 Nf6 3.Nc3 g6 4.Be3 Bg7 5.f3 c6 6.a4 a5 7.Qd2 Na6 8.Nge2 h5 9.Nc1
Be6 10.Be2 Nc7 11.Nd3 Bc4 12.O-O Bxd3 13.Bxd3 e5 14.Ne2 Qe7 15.c4 Ne6 16.Rfb1
exd4 17.Nxd4 Nc5 18.Bc2 Nfd7 19.Ra2 O-O 20.Rd1 Rfd8 21.Ne2 Ne5 22.b3 Qc7 23.Qe1
Re8 24.Qf2 b6 25.Nf4 Kh7 26.Nh3 Rab8 27.Qd2 Rbd8 28.Nf2 Na6 29.Bb1 Nb4 30.Rb2
c5 31.Qc1 Nec6 32.Rbd2 Nd4 33.Bxd4 Bxd4 34.Re2 Nc6 35.Kh1 Qe7 36.Nd3 Qf6
37.Rde1 Bc3 38.Rf1 Qg7 39.Nf4 Be5 40.Nd5 Nd4 41.Re3 g5 42.Qd1 Bf4 43.Nf6+ Kh6
44.Nxe8 Rxe8 45.Rd3 h4 46.g3 hxg3 47.hxg3 Bxg3 48.Kg2 Bh4 49.Rh1 Qe5 50.Rh3 Re6
51.Qd2 Kg7 52.Kf1 Rf6 53.Kg2 Ne6 54.Kh1 Nf4 55.Rh2 Bg3 56.Rg2 Nxg2 57.Qxg2 Rh6+
58.Kg1 Rh2 59.Qf1 Bf2+ 60.Qxf2 Rxf2 61.Kxf2 Qb2+  0-1

[Event "NK Senioren enVeteranen 2025"]
[Site "Dieren, Netherlands"]
[Date "2025.07.15"]
[Round "4"]
[White "Lootsma, Jan"]
[Black "Van Oosten, Arend"]
[Result "0-1"]
[BlackElo "2067"]
[BlackFed "NED"]
[BlackFideId "6160462"]
[WhiteElo "2004"]
[WhiteFed "NED"]
[WhiteFideId "5975519"]

1.e4 e6 2.Nf3 d5 3.e5 c5 4.c3 Nc6 5.a3 Nh6 6.d4 Qb6 7.b4 cxd4 8.cxd4 Nf5 9.Bb2
Bd7 10.g4 Nh6 11.h3 Na5 12.Nbd2 f6 13.Bd3 Nf7 14.O-O Nc6 15.Qe2 fxe5 16.dxe5
Be7 17.Rac1 O-O 18.Bb1 Ng5 19.Kg2 Rf4 20.Qd3 g6 21.Nxg5 Bxg5 22.Nb3 Nxb4
23.axb4 Rxb4 24.Nc5 Bb5 25.Qc3 Rxb2 26.Bd3 Bxc1 27.Rxc1 Bxd3 28.Nxd3 Rb3 29.Qc2
Rf8 30.h4 Rxd3 31.Qxd3 Qxf2+ 32.Kh1 Qxh4+ 33.Kg2 Rf2+ 34.Kg1 Qh2#  0-1

[Event "NK Senioren enVeteranen 2025"]
[Site "Dieren, Netherlands"]
[Date "2025.07.15"]
[Round "4"]
[White "Houweling, Bert"]
[Black "Brongers, Henk"]
[Result "0-1"]
[BlackElo "2055"]
[BlackFed "FRA"]
[BlackFideId "7081019"]
[WhiteElo "2027"]
[WhiteFed "NED"]
[WhiteFideId "6203637"]

1.e4 c6 2.d4 d5 3.exd5 cxd5 4.Bd3 Nc6 5.c3 Nf6 6.Bf4 Bg4 7.Qb3 Qd7 8.Nd2 e6
9.Ngf3 Bxf3 10.Nxf3 Bd6 11.Bxd6 Qxd6 12.O-O O-O 13.Rfe1 Rab8 14.Qc2 Rfc8 15.Qd2
b5 16.a3 Na5 17.Qg5 Nc4 18.Rab1 a5 19.Ne5 b4 20.axb4 axb4 21.Qg3 Nd2 22.Ra1
Nde4 23.Qf4 bxc3 24.bxc3 Nxc3 25.Ra7 Rc7 26.Rxc7 Qxc7 27.Rc1 Rb2 28.g4 Nfe4
29.f3 Rd2 30.Ra1 g5 31.Qe3 Nd1 32.Qe1 Qc3 33.Rxd1 Qxd4+ 34.Kh1 Rxd1  0-1

[Event "NK Senioren enVeteranen 2025"]
[Site "Dieren, Netherlands"]
[Date "2025.07.15"]
[Round "4"]
[White "Visser, Gerrit"]
[Black "Baarslag, Ed"]
[Result "0-1"]
[BlackElo "2059"]
[BlackFed "NED"]
[BlackFideId "6035172"]
[WhiteElo "1929"]
[WhiteFed "NED"]
[WhiteFideId "7157744"]

1.Nf3 d5 2.g3 Nf6 3.Bg2 c6 4.b3 e6 5.Bb2 Be7 6.O-O O-O 7.d3 Nbd7 8.Nbd2 a5 9.c4
a4 10.cxd5 exd5 11.e4 dxe4 12.dxe4 Nc5 13.Bxf6 Bxf6 14.e5 Be7 15.Qc2 Qd3
16.Qxd3 Nxd3 17.Nc4 axb3 18.axb3 Rxa1 19.Rxa1 Bc5 20.Kf1 b5 21.Na5 Be6 22.Ke2
Nb4 23.Rc1 Bb6 24.Nxc6 {[%csl ,Gc6]}24...Na2 25.Ne7+ Kh8 26.Rc6 Bd8 27.Nc8 Bxb3
28.Nd2 Be6 29.Nd6 b4 30.Ra6 g6 31.N6c4 Nc3+ 32.Kd3 Bc7 33.Ra8 Kg7 34.Rxf8 Kxf8
35.Kc2 g5 36.Kb3 Bxe5 37.Kxb4 Bg7 38.Ne3 h6 39.Ne4 Na2+ 40.Kc5 Nc1 41.Bf1 Nb3+
42.Kd6 Bd4 43.Nd5 Ba7 44.Nc7 Bb8 45.Kc6 Nd4+ 46.Kb7 Bxc7 47.Kxc7 Nf3 48.h3 Ke7
49.Kc6 Ng1 50.h4 gxh4 51.gxh4 Nf3 52.h5 f5 53.Ng3 Kf6 54.Kd6 Bf7 55.Be2 Nd2
56.Bd3 Be6 57.f4 Nb3 58.Ne2 Bf7 59.Ng3  0-1

[Event "NK Senioren enVeteranen 2025"]
[Site "Dieren, Netherlands"]
[Date "2025.07.15"]
[Round "4"]
[White "Dijkstra, Matthijs"]
[Black "Uylings, Peter"]
[Result "0-1"]
[BlackElo "2038"]
[BlackFed "NED"]
[BlackFideId "6564679"]
[WhiteElo "2095"]
[WhiteFed "NED"]
[WhiteFideId "8482364"]

1.c4 Nc6 2.g3 d5 3.Bg2 d4 4.d3 e5 5.Nf3 Bg4 6.O-O Qd7 7.a3 f6 8.b4 Bh3 9.Nbd2 h5
10.Nh4 g5 11.Ng6 Rh6 12.Nxf8 Kxf8 13.b5 Nd8 14.f3 Bxg2 15.Kxg2 Ne6 16.Ne4 Rg6
17.a4 f5 18.Ba3+ Kg7 19.Nc5 Nxc5 20.Bxc5 Nh6 21.h3 f4 22.e4 fxe3 23.g4 Nf7
24.gxh5 Rh6 25.f4 exf4 26.Qg4 Qxg4+ 27.hxg4 Rd8 28.Kf3 Re6 29.Bxa7 Ne5+ 30.Ke2
Rf6 31.Rf3 b6 32.a5 bxa5 33.Rxa5 Nxc4 34.Ra4 Nb6 35.Ra6 Rd5 36.Bb8 Rc5 37.Ra7
Nc4 38.Ke1  0-1

[Event "NK Senioren enVeteranen 2025"]
[Site "Dieren, Netherlands"]
[Date "2025.07.15"]
[Round "4"]
[White "Drent, Sjoerd"]
[Black "Duchêne, René"]
[Result "0-1"]
[BlackElo "2089"]
[BlackFed "NED"]
[BlackFideId "7440774"]
[WhiteElo "2019"]
[WhiteFed "NED"]
[WhiteFideId "7266765"]

1.c4 c5 2.Nc3 Nf6 3.e4 Nc6 4.g3 g6 5.Bg2 Bg7 6.Nge2 O-O 7.O-O d6 8.d3 a6 9.f4
Rb8 10.h3 Nd7 11.a4 Nd4 12.Rb1 b5 13.axb5 axb5 14.cxb5 Nxb5 15.Nxb5 Rxb5 16.Qc2
Ba6 17.Nc3 Rb8 18.Ra1 Bb7 19.Be3 Ra8 20.Rxa8 Qxa8 21.Rd1 Rb8 22.Kh2 Bc6 23.d4
cxd4 24.Bxd4 Qb7 25.Bxg7 Kxg7 26.Rd2 Nc5 27.Re2 Qb4 28.e5 Bxg2 29.Kxg2 dxe5
30.fxe5 Qc4 31.Qd2 Nd3 32.Nd1 Rd8 33.Nc3 Rb8 34.Nd1 h5 35.e6 f6 36.h4 Qc6+
37.Kh2 Ne5 38.Qc3 Nf3+ 39.Kh1 Qb7 40.Rg2 Ra8 41.Rf2 Nxh4+ 42.Kh2 Nf5 43.Ne3
Nxe3 44.Qxe3 Ra1 45.Rg2 Qd5 46.Qe2 Qd6 47.Qd2 Qxd2 48.Rxd2 Re1  0-1

[Event "NK Senioren enVeteranen 2025"]
[Site "Dieren, Netherlands"]
[Date "2025.07.15"]
[Round "4"]
[White "Massink, Henk"]
[Black "De Vries, Leon"]
[Result "0-1"]
[BlackElo "2019"]
[BlackFed "NED"]
[BlackFideId "7359990"]
[WhiteElo "1909"]
[WhiteFed "NED"]
[WhiteFideId "6263829"]

1.b3 e5 2.Bb2 Nc6 3.e3 Nf6 4.Bb5 Bd6 5.Na3 Be7 6.Nc4 e4 7.d4 a6 8.Bxc6 dxc6
9.Ne2 O-O 10.O-O Nd5 11.Ng3 f5 12.Qe2 Bd6 13.a3 Bd7 14.Nxd6 cxd6 15.c4 Nf6
16.d5 cxd5 17.Rfd1 Qe7 18.cxd5 Bb5 19.Qd2 Ng4 20.a4 Bd3 21.f3 Nxh2 22.Nxe4
Nxf3+ 23.gxf3 fxe4 24.f4 Qf7 25.Qg2 Rac8 26.Rac1 h6 27.Qg4 Rc2 28.Rxc2 Bxc2
29.Rd2 Bxb3 30.Rg2 g5 31.fxg5 h5 32.Qxe4 Bxd5  0-1

[Event "NK Senioren enVeteranen 2025"]
[Site "Dieren, Netherlands"]
[Date "2025.07.16"]
[Round "5"]
[White "Uylings, Peter"]
[Black "Baarslag, Ed"]
[Result "1/2-1/2"]
[WhiteElo "2038"]
[BlackElo "2059"]
[PlyCount "31"]
[EventDate "2025.??.??"]

1. e4 e5 2. Nf3 Nf6 3. Nxe5 d6 4. Nf3 Nxe4 5. Nc3 Nxc3 6. dxc3 Be7 7. Bf4 Nc6
8. Bd3 Bg4 9. h3 Bh5 10. Bb5 a6 11. Be2 Qd7 12. Qd2 Bg6 13. Nd4 Nxd4 14. cxd4
Bf6 15. Bf3 O-O 16. O-O 1/2-1/2

[Event "NK Senioren enVeteranen 2025"]
[Site "Dieren, Netherlands"]
[Date "2025.07.16"]
[Round "5"]
[White "Jonkman, Fokke"]
[Black "Vogel, Jaap"]
[Result "1/2-1/2"]
[WhiteElo "2007"]
[BlackElo "1980"]
[PlyCount "27"]
[EventDate "2025.??.??"]

1. c4 e6 2. Nf3 f5 3. g3 Nf6 4. Bg2 c6 5. O-O d5 6. d3 Bc5 7. Qc2 Qe7 8. Bg5
Nbd7 9. Nc3 h6 10. Bd2 O-O 11. e3 Qf7 12. Ne2 a5 13. a3 dxc4 14. Qxc4 1/2-1/2

[Event "NK Senioren enVeteranen 2025"]
[Site "Dieren, Netherlands"]
[Date "2025.07.16"]
[Round "5"]
[White "Mijnheer, Peter"]
[Black "Geboers, Jimmy"]
[Result "1-0"]
[WhiteElo "2153"]
[BlackElo "2045"]
[PlyCount "83"]
[EventDate "2025.??.??"]

1. d4 e6 2. c4 d5 3. Nc3 c6 4. e4 Nf6 5. e5 Nfd7 6. Nf3 dxc4 7. Bxc4 Nb6 8. Bb3
Nd5 9. O-O Be7 10. Ne4 Nd7 11. Bg5 O-O 12. Re1 Bxg5 13. Nfxg5 h6 14. Nf3 Qe7
15. Rc1 N7b6 16. Bc2 Rd8 17. Qd3 g6 18. Qd2 Kg7 19. Bb3 Bd7 20. a3 Be8 21. h4
h5 22. Nfg5 Nd7 23. Nd6 Nf8 24. Bxd5 exd5 25. Qf4 Ne6 26. Qf6+ Qxf6 27. exf6+
Kxf6 28. Nxe6 fxe6 29. Nxb7 Rd7 30. Nc5 Rd6 31. Re3 Rb8 32. b4 Bf7 33. Nd3 Rb7
34. Ne5 Be8 35. Rec3 Rb6 36. Rc5 Kf5 37. R1c3 Kf6 38. Kh2 a6 39. Kg3 Rb5 40.
Kf4 Rxc5 41. bxc5 Rd8 42. Rb3 1-0

[Event "NK Senioren enVeteranen 2025"]
[Site "Dieren, Netherlands"]
[Date "2025.07.16"]
[Round "5"]
[White "Homs, Guust"]
[Black "Etmans, Maarten"]
[Result "1-0"]
[WhiteElo "2113"]
[BlackElo "1945"]
[PlyCount "75"]
[EventDate "2025.??.??"]

1. e4 g6 2. d4 c6 3. Nf3 d5 4. e5 Bg4 5. Nbd2 e6 6. h3 Bxf3 7. Nxf3 c5 8. c3
cxd4 9. cxd4 Bb4+ 10. Bd2 Qa5 11. Bd3 Nc6 12. a3 Bxd2+ 13. Qxd2 Qxd2+ 14. Kxd2
Nge7 15. b4 Nf5 16. Bxf5 gxf5 17. g3 Ke7 18. Rac1 Rac8 19. Rc3 Nb8 20. Rhc1
Rxc3 21. Rxc3 Nd7 22. Rc7 Rb8 23. Ng5 Kd8 24. Rc3 f6 25. Nxe6+ Ke7 26. Nf4 fxe5
27. dxe5 Nxe5 28. Nxd5+ Kd6 29. Nf4 b5 30. Ke2 Re8 31. Kf1 Nc4 32. a4 a6 33.
axb5 axb5 34. Rd3+ Kc6 35. Rd5 Re4 36. Rc5+ Kb6 37. Rxf5 Nd2+ 38. Kg2 1-0

[Event "NK Senioren enVeteranen 2025"]
[Site "Dieren, Netherlands"]
[Date "2025.07.16"]
[Round "5"]
[White "Wilgenhof, Otto"]
[Black "Visser, Gerrit"]
[Result "1-0"]
[WhiteElo "2098"]
[BlackElo "1929"]
[PlyCount "93"]
[EventDate "2025.??.??"]

1. d4 Nf6 2. Bg5 d5 3. Bxf6 exf6 4. e3 Bd6 5. c4 dxc4 6. Bxc4 O-O 7. Nc3 a6 8.
a4 Nc6 9. Qf3 Nb4 10. Rc1 f5 11. Nge2 Bd7 12. O-O Qh4 13. g3 Qh6 14. Rfd1 g5
15. e4 g4 16. Qg2 fxe4 17. Nxe4 Bxa4 18. b3 Bc6 19. d5 Bd7 20. Nxd6 cxd6 21.
Nf4 Rfe8 22. f3 Re5 23. Qd2 a5 24. Be2 gxf3 25. Bxf3 Rae8 26. Rc7 Bf5 27. Rxb7
Re3 28. Ng2 Re1+ 29. Nxe1 Qxd2 30. Rxd2 Rxe1+ 31. Kf2 Rb1 32. Bh5 Bg6 33. Bxg6
hxg6 34. Rd7 Rxb3 35. Rxd6 a4 36. Rd8+ Kg7 37. Ra8 a3 38. d6 Rb2 39. Ke2 Rxd2+
40. Kxd2 a2 41. d7 Nc6 42. Rxa2 Kf8 43. Ke3 Ke7 44. Rd2 Kd8 45. Kf4 Nb8 46. Kg5
Nxd7 47. Re2 1-0

[Event "NK Senioren enVeteranen 2025"]
[Site "Dieren, Netherlands"]
[Date "2025.07.16"]
[Round "5"]
[White "Koopman, Hendrik"]
[Black "Schouten, Nico"]
[Result "1-0"]
[WhiteElo "2072"]
[BlackElo "2068"]
[PlyCount "69"]
[EventDate "2025.??.??"]

1. d4 Nf6 2. c4 g6 3. Nc3 Bg7 4. e4 d6 5. f3 O-O 6. Be3 e5 7. d5 Ne8 8. Qd2 f5
9. Bd3 Na6 10. Bc2 Qe7 11. Nge2 Bf6 12. O-O-O f4 13. Bg1 g5 14. h3 Ng7 15. a3
h5 16. Kb1 b6 17. Bf2 Nb8 18. g3 a5 19. h4 g4 20. gxf4 gxf3 21. Ng1 exf4 22.
Nxf3 Bg4 23. Qd3 Nd7 24. e5 Nf5 25. exf6 Rxf6 26. Rde1 Qg7 27. Ne4 Rg6 28. Neg5
Nc5 29. Qd2 Rf8 30. Rhg1 Bxf3 31. Nxf3 Rg4 32. Ng5 Ne3 33. Bxe3 fxe3 34. Qxe3
Rff4 35. Rxg4 1-0

[Event "NK Senioren enVeteranen 2025"]
[Site "Dieren, Netherlands"]
[Date "2025.07.16"]
[Round "5"]
[White "Hageman, Ger"]
[Black "Schriemer, Oene"]
[Result "0-1"]
[WhiteElo "2002"]
[BlackElo "2056"]
[PlyCount "84"]
[EventDate "2025.??.??"]

1. d4 Nf6 2. c4 e5 3. dxe5 Ng4 4. e4 h5 5. Be2 Bc5 6. Bxg4 Qh4 7. g3 Qxg4 8.
Qe2 Nc6 9. Nf3 b6 10. Nc3 Bb7 11. Nd5 O-O-O 12. Bd2 Nd4 13. Nxd4 Bxd4 14. Bc3
Bxc3+ 15. bxc3 Rde8 16. f4 d6 17. exd6 cxd6 18. Rd1 Qxe2+ 19. Kxe2 Rxe4+ 20.
Kf2 Rxc4 21. Rhe1 Bxd5 22. Rxd5 Rxc3 23. Rxd6 Rc2+ 24. Kf3 Rd8 25. Rxd8+ Kxd8
26. a4 Rxh2 27. Rd1+ Ke7 28. Rc1 Kd6 29. Rd1+ Kc6 30. Rc1+ Kb7 31. Re1 Rc2 32.
f5 Rc3+ 33. Kf4 f6 34. Rh1 Rc4+ 35. Kf3 Rxa4 36. Rxh5 Rc4 37. g4 a5 38. g5 a4
39. Rh7 Rc7 40. Kg4 b5 41. Kh5 a3 42. gxf6 gxf6 0-1

[Event "NK Senioren enVeteranen 2025"]
[Site "Dieren, Netherlands"]
[Date "2025.07.16"]
[Round "5"]
[White "Brongers, Henk"]
[Black "Beukema, Henk Jan"]
[Result "1-0"]
[WhiteElo "2055"]
[BlackElo "1981"]
[PlyCount "69"]
[EventDate "2025.??.??"]

1. e4 c6 2. d4 d5 3. exd5 cxd5 4. Bd3 Nc6 5. c3 Qc7 6. h3 e6 7. Nf3 Nf6 8. Bg5
Bd6 9. Nbd2 h6 10. Be3 O-O 11. O-O Bd7 12. Re1 a6 13. a4 Rab8 14. Qe2 b5 15.
axb5 axb5 16. b4 Ne7 17. Rec1 Rfc8 18. Nb3 Be8 19. Nc5 Rb6 20. Ra5 Qb8 21. Rca1
Bc6 22. Bd2 Ne8 23. Bc2 Bf4 24. Be1 Bd6 25. Qd3 g6 26. Bd2 Bf4 27. Ra7 Nf5 28.
g4 Nfg7 29. Bxf4 Qxf4 30. Ne5 Nd6 31. Nxg6 fxg6 32. Qxg6 Bb7 33. Nxe6 Nde8 34.
Nxf4 Rxg6 35. Nxg6 1-0

[Event "NK Senioren enVeteranen 2025"]
[Site "Dieren, Netherlands"]
[Date "2025.07.16"]
[Round "5"]
[White "De Vries, Leon"]
[Black "Dijkstra, Matthijs"]
[Result "0-1"]
[WhiteElo "2019"]
[BlackElo "2095"]
[PlyCount "84"]
[EventDate "2025.??.??"]

1. Nf3 Nf6 2. g3 b6 3. Bg2 Bb7 4. O-O d6 5. d4 Nbd7 6. c4 e5 7. e3 Be7 8. b3
O-O 9. Bb2 exd4 10. Nxd4 Bxg2 11. Kxg2 Re8 12. Nc6 Qc8 13. Nxe7+ Rxe7 14. Nc3
Qb7+ 15. Qf3 Qxf3+ 16. Kxf3 Ne5+ 17. Ke2 c6 18. Rfd1 Rd7 19. f4 Ng6 20. e4 Rad8
21. Rac1 Ne8 22. Rd2 Ne7 23. Rcd1 Nc7 24. Ba3 Nc8 25. Kf3 f6 26. b4 Kf7 27. g4
b5 28. c5 Ke7 29. f5 Na6 30. cxd6+ Nxd6 31. e5 Nc4 32. exf6+ gxf6 33. Re2+ Ne5+
34. Rxe5+ fxe5 35. Rxd7+ Rxd7 36. Ke3 Rd4 37. Ne4 Nxb4 38. Bb2 Rd3+ 39. Ke2 Rd5
40. Ba3 a5 41. h4 Kf7 42. g5 Rd4 0-1

[Event "NK Senioren enVeteranen 2025"]
[Site "Dieren, Netherlands"]
[Date "2025.07.16"]
[Round "5"]
[White "Perrenet, Jacob"]
[Black "Ten Ham, John"]
[Result "1-0"]
[WhiteElo "1940"]
[BlackElo "1972"]
[PlyCount "119"]
[EventDate "2025.??.??"]

1. Nc3 d5 2. d4 Nf6 3. Bf4 e6 4. e3 Bd6 5. Bg3 O-O 6. Nf3 c5 7. Nb5 Bxg3 8.
hxg3 Ne4 9. Ne5 a6 10. Nc3 Nxc3 11. Qh5 h6 12. bxc3 Nd7 13. f4 Nxe5 14. dxe5
Qe8 15. g4 f5 16. Qh4 Qg6 17. g5 hxg5 18. fxg5 Bd7 19. Be2 f4 20. Bd3 Rf5 21.
exf4 c4 22. Qh8+ Kf7 23. Qxa8 cxd3 24. O-O-O Rxf4 25. Qd8 d2+ 26. Rxd2 Ba4 27.
Rh8 Qe4 28. Rf8+ Kg6 29. Rxf4 Qxf4 30. Qb6 Qxe5 31. Qd4 Qxd4 32. cxd4 Kxg5 33.
Re2 Kf5 34. Re5+ Kf6 35. Kd2 Bb5 36. Kc3 Ke7 37. Kb4 b6 38. a4 Be8 39. Re3 Kf6
40. Rf3+ Ke7 41. Rb3 Kd6 42. Rg3 g6 43. a5 Kc7 44. Rh3 bxa5+ 45. Kxa5 Kd6 46.
Kxa6 Ba4 47. Rc3 e5 48. dxe5+ Kxe5 49. Ka5 Bd7 50. Kb4 Bf5 51. Rc5 Be4 52. g3
Kd6 53. c3 Bf3 54. Rc8 Be4 55. Ra8 Ke5 56. Kc5 g5 57. Rf8 g4 58. Re8+ Kf5 59.
Kd4 Bf3 60. Re5+ 1-0

[Event "NK Senioren enVeteranen 2025"]
[Site "Dieren, Netherlands"]
[Date "2025.07.16"]
[Round "5"]
[White "Schakel, Tim"]
[Black "Boersma, Jan"]
[Result "1/2-1/2"]
[WhiteElo "2033"]
[BlackElo "2105"]
[PlyCount "98"]
[EventDate "2025.??.??"]

1. Nf3 c5 2. g3 Nc6 3. Bg2 g6 4. O-O Bg7 5. c4 Nf6 6. d4 cxd4 7. Nxd4 h5 8. h4
Ng4 9. Nxc6 bxc6 10. Nc3 Rb8 11. Qc2 Qc7 12. Bf4 Be5 13. Bxe5 Qxe5 14. b3 g5
15. hxg5 h4 16. Qe4 Qxg5 17. Qf4 Qxf4 18. gxf4 Kd8 19. Kh1 Kc7 20. Ne4 d6 21.
Rad1 Bf5 22. Ng5 Rbf8 23. Be4 Bc8 24. Bf3 f6 25. Ne4 Bf5 26. Nc3 Rfg8 27. Be4
Bc8 28. e3 Rg7 29. Bf3 Rhg8 30. Rc1 Bd7 31. Ne4 Bf5 32. Nc3 Bd3 33. Be2 Bxe2
34. Nxe2 Kd7 35. Nd4 Rh7 36. Nf3 h3 37. Nd4 h2 38. Nf5 Rh5 39. f3 Rxf5 40. fxg4
Rxg4 41. Rc2 Rg3 42. Re1 e5 43. Rxh2 e4 44. Rg2 Rh5+ 45. Kg1 Rgh3 46. Kf2 Ke6
47. Ke2 Ra5 48. a4 Rc5 49. Kd2 d5 1/2-1/2